Bihar and Orissa district gazetteers: Sambalpur (Record no. 481453)

000 -LEADER
fixed length control field 00389cam a22001217a 4500
008 - FIXED-LENGTH DATA ELEMENTS--GENERAL INFORMATION
fixed length control field 180718b1932 xxu||||| |||| 00| 0 eng d
082 ## - DEWEY DECIMAL CLASSIFICATION NUMBER
Classification number A75 Or4S
100 ## - MAIN ENTRY--PERSONAL NAME
Personal name O'Malley, L.S.S.
245 ## - TITLE STATEMENT
Title Bihar and Orissa district gazetteers: Sambalpur
Statement of responsibility, etc. by L.S.S. O'Malley
260 ## - PUBLICATION, DISTRIBUTION, ETC.
Place of publication, distribution, etc. Patna
Name of publisher, distributor, etc. Bihar and Orissa District Gazetteers
Date of publication, distribution, etc. 1932
300 ## - PHYSICAL DESCRIPTION
Extent 272+p.
650 ## - SUBJECT ADDED ENTRY--TOPICAL TERM
Topical term or geographic name entry element Bihar and Sambalpur - Gazetteers
Holdings
Withdrawn status Lost status Damaged status Not for loan Permanent Location Current Location Date acquired Full call number Barcode Date last seen Price effective from Koha item type
        Indian Institute of Public Administration Indian Institute of Public Administration 2018-08-04 A75 Or4S G8925 2018-08-04 2018-08-04 G

Powered by Koha